Álgebra lineal: (Registro nro. 14396)

Detalles MARC
000 -Cabecera
Campo de control interno 00873nam a2200217Ia 4500
005 - Fecha y hora del registro
control field 20260409163739.0
008 - Elementos de Longitud Fija
fixed length control field 260306t2012||||xx |||||||||||||| ||spa||
041 ## - Idioma
Codigo Idioma ESP
082 ## - DEWEY y NOTACIÓN INTERNA
Dewey 512.5
Notación Interna V23
100 ## - AUTOR
Autor denominación Valle Sotelo, Juan Carlos del
Término de relación autor
245 #0 - TÍTULO DE MATERIAL BIBLIOGRÁFICO
Título Álgebra lineal:
Título paralelo para estudiantes de ingeniería y ciencias
260 ## - CIUDAD, EDITORIAL, AÑO
Año 2012
300 ## - DESCRIPCIÓN
N° Páginas 1123 páginas :
Dimensiones 27 cm.
650 ## - TEMAS
Temas Generalidades
654 ## - PROGRAMAS
Programa Dpto. de Matemáticas
856 ## - URL - UBICACIÓN
URI/URL: Enlace exacto del recurso <a href="https://itmsp.museknowledge.com/UCSP?url=https://www.ebooks7-24.com:443/?il=347&pg=1">https://itmsp.museknowledge.com/UCSP?url=https://www.ebooks7-24.com:443/?il=347&pg=1</a>
Nota pública: Versión digital <a href="Versión digital (2011)">Versión digital (2011)</a>
856 ## - URL - UBICACIÓN
URI/URL: Enlace exacto del recurso <a href="https://0u213vtc4-y-https-ebooks7--24-com.itmsp.museknowledge.com/biblioteca.aspx">https://0u213vtc4-y-https-ebooks7--24-com.itmsp.museknowledge.com/biblioteca.aspx</a>
Nota pública: Versión digital <a href="Véase además: Base de datos Ebook7-24">Véase además: Base de datos Ebook7-24</a>
856 ## - URL - UBICACIÓN
URI/URL: Enlace exacto del recurso <a href="https://0u20fvtc6-y-https-research-ebsco-com.itmsp.museknowledge.com/c/qxo6us/search">https://0u20fvtc6-y-https-research-ebsco-com.itmsp.museknowledge.com/c/qxo6us/search</a>
Nota pública: Versión digital <a href="Véase además: Base de datos EBSCOhost">Véase además: Base de datos EBSCOhost</a>
942 ## - ELEMENTOS DE KOHA
Tipo de documento Libro
Nombre del creador Justo Noguera
Código de catalogador Justo Noguera
Esquema de clasificación Dewey Decimal Classification
Existencias
Codigo completo Registro Colección Copia número Disponibilidad Tipo de préstamo Biblioteca Actual Procedencia (Biblioteca) Ubicacón Fecha Ingreso Tipo de Adquisición Date last seen Total checkouts Price effective from Tipo de Item Estado del Material Fuente de Clasificación Damaged status Withdrawn status
512.5 V23 1012434 Universidad Católica San Pablo 1 Disponible Disponible Víctor Andrés Belaunde Víctor Andrés Belaunde Segundo piso 03/06/2026 Compra 06/03/2026   06/03/2026 Libro Bueno Dewey Decimal Classification